000 01576nam a2200385 a 4500
001 ebr10575439
003 CaPaEBR
006 m u
007 cr cn|||||||||
008 780816s1979 ne a sb 101 0 eng d
010 _z 78012368
020 _z0444900446
020 _z9021940671
020 _z9780470663516
020 _z9780470718117 (e-book)
040 _aCaPaEBR
_cCaPaEBR
035 _a(OCoLC)645602861
050 1 4 _aQK882
_b.S946 1978eb
082 0 4 _a581.1/3342
_222
111 2 _aSymposium on Chlorophyll Organization and Energy Transfer in Photosynthesis
_d(1978 :
_cCiba Foundation)
245 1 0 _aChlorophyll organization and energy transfer in photosynthesis
_h[electronic resource].
260 _aAmsterdam ;
_aNew York :
_bExcerpta Medica,
_c1979.
300 _axi, 374 p. :
_bill.
490 1 _aCiba Foundation symposium ;
_v61 (new ser.)
500 _aProceedings of the symposium held Feb. 7-9, 1978 in London.
504 _aIncludes bibligraphical references and indexes.
533 _aElectronic reproduction.
_bPalo Alto, Calif. :
_cebrary,
_d2011.
_nAvailable via World Wide Web.
_nAccess may be limited to ebrary affiliated libraries.
650 0 _aPhotosynthesis
_vCongresses.
650 0 _aChlorophyll
_vCongresses.
650 0 _aEnergy transfer
_vCongresses.
655 7 _aElectronic books.
_2local
710 2 _aebrary, Inc.
830 0 _aCiba Foundation symposium ;
_vnew ser. 61.
856 4 0 _uhttp://site.ebrary.com/lib/rucke/Doc?id=10575439
_zAn electronic book accessible through the World Wide Web; click to view
999 _c78108
_d78108